书目信息 |
| 题名: |
调频收音机及立体声收音机原理和维修
|
|
| 作者: | 李泰桢 编译 | |
| 分册: | ||
| 出版信息: | 北京 人民邮电出版社 1984 |
|
| 页数: | 375页 | |
| 开本: | 25cm | |
| 丛书名: | ||
| 单 册: | ||
| 中图分类: | TN852 | |
| 科图分类: | ||
| 主题词: | 调频收音机 , 立体声收音机 | |
| 电子资源: | ||
| ISBN: | ||
| 000 | 00863nam0 2200265 45 | |
| 001 | 0184016113 | |
| 005 | 20061124100107.98 | |
| 010 | @dCNY2.70 | |
| 091 | @aCN@b15045.总2917-无6296 | |
| 100 | @a19950522d1984 em y0chiy0121 ea | |
| 101 | 1 | @achi@ceng |
| 102 | @aCN@b110000 | |
| 105 | @ay z 000yy | |
| 200 | 10 | @a调频收音机及立体声收音机原理和维修@Atiao pin shou yin ji ji li ti sheng shou yin ji yuan li he wei xiu@f李泰桢等编译 |
| 210 | @a北京@c人民邮电出版社@d1984 | |
| 215 | @a375页@d25cm | |
| 300 | @a书名原文:The theory and servicing of AM.FM, and FM stereo receivers | |
| 510 | 1 | @aThe theory and servicing of AM.FM, and FM stereo receivers@zeng |
| 606 | @a调频收音机 | |
| 606 | @a立体声收音机 | |
| 690 | @aTN852@v3 | |
| 701 | 0 | @a李泰桢@Ali tai zhen@4编译 |
| 801 | 2 | @aCN@bNLC@c20061124 |
| 801 | 0 | @aCN@bTSSF |
| 905 | @a10447@dTN852@e27 | |
| 调频收音机及立体声收音机原理和维修/李泰桢等编译.-北京:人民邮电出版社,1984 |
| 375页;25cm |
| 书名原文:The theory and servicing of AM.FM, and FM stereo receivers |
| ISBN :CNY2.70 |
| ● |
| 相关链接 |
|
|
|
|
正题名:调频收音机及立体声收音机原理和维修
索取号:TN852/27
 
预约/预借
| 序号 | 登录号 | 条形码 | 馆藏地/架位号 | 状态 | 备注 |
| 1 | 0136195 | 202120622 | 第二样本阅览室/ [索取号:TN852/27] | 在馆 |